Pesona didik anak cara sunnah (Record no. 127013)

MARC details
000 -LEADER
fixed length control field 00726nam a2200241 i 4500
001 - CONTROL NUMBER
control field C2-0327464
003 - CONTROL NUMBER IDENTIFIER
control field PPAK
005 - DATE AND TIME OF LATEST TRANSACTION
control field 20180728125104.0
008 - FIXED-LENGTH DATA ELEMENTS--GENERAL INFORMATION
fixed length control field 140616s2012 my |||| ||||| | may d
020 ## - INTERNATIONAL STANDARD BOOK NUMBER
International Standard Book Number 9789675218163
040 ## - CATALOGING SOURCE
Original cataloging agency PPAK
Language of cataloging eng
Transcribing agency PPAK
Description conventions rda
082 04 - DEWEY DECIMAL CLASSIFICATION NUMBER
Classification number 297.577
Edition number 23
090 00 - LOCALLY ASSIGNED LC-TYPE CALL NUMBER (OCLC); LOCAL CALL NUMBER (RLIN)
Classification number (OCLC) (R) ; Classification number, CALL (RLIN) (NR) 297.577
Feature heading MUS
Feature heading G
100 0# - MAIN ENTRY--PERSONAL NAME
Personal name Musa Ahmad Olga,
Relator term author
245 10 - TITLE STATEMENT
Title Pesona didik anak cara sunnah
264 #1 - PRODUCTION, PUBLICATION, DISTRIBUTION, MANUFACTURE, AND COPYRIGHT NOTICE
Place of production, publication, distribution, manufacture Johor Bahru, Johor :
Name of producer, publisher, distributor, manufacturer Pustaka Azhar ,
Date of production, publication, distribution, manufacture, or copyright notice 2012
300 ## - PHYSICAL DESCRIPTION
Extent xii, 227 pages ;
Dimensions 23 cm.
336 ## - CONTENT TYPE
Source rdacontent
Content type term text
337 ## - MEDIA TYPE
Source rdamedia
Media type term unmediated
338 ## - CARRIER TYPE
Source rdacarrier
Carrier type term volume
650 10 - SUBJECT ADDED ENTRY--TOPICAL TERM
Topical term or geographic name entry element Child rearing - Religious aspects - Islam. ; Parenting - Religious aspects - Islam.
942 ## - ADDED ENTRY ELEMENTS (KOHA)
-- dc
Koha item type Book
Holdings
Withdrawn Not for loan Current library Shelving location Date acquired Total Checkouts Full call number Barcode Date last seen Date last checked out Koha item type Total Renewals
    Perpustakaan Alor Setar Pinjaman Dewasa 30/06/2014 1 297.577 MUS A01448458 11/05/2019 20/04/2019 Book  
    Perpustakaan Awam Sungai Petani Pinjaman Dewasa 30/06/2014   297.577 MUS A01448459 09/05/2018   Book  
    Perpustakaan Baling Pinjaman Dewasa 30/06/2014 4 297.577 MUS A01448462 16/07/2024 13/02/2024 Book 1
    Perpustakaan Jitra Pinjaman Dewasa 30/06/2014   297.577 MUS A01448460 09/05/2018   Book  
    Perpustakaan Kulim Pinjaman Dewasa 30/06/2014 3 297.577 MUS A01448461 03/06/2026 26/04/2026 Book 1
    Perpustakaan Langkawi Pinjaman Dewasa 30/06/2014   297.577 MUS A01448464 09/05/2018   Book